000 01013nam a22003017a 4500
003 CHAP
005 20220329140238.0
008 971013s1977 r 00010 d
010 _a49157
011 _a50129
035 _a54279
040 _cCHAP
082 _a301.444
_bV47
100 0 0 _aVergara, Pilar.
_9118901
245 _aNaturaleza, localización geográfica y condicionantes de la pobreza rural
260 _aSantiago, Chile :
_bCorporación de Investigaciones económicas para Latinoamérica,
_c1977
300 _a113 p.
590 _aBATCH-UPD
_b10
_c20130110
_lUCH01
_h0742
590 _aBATCH-UPD
_b10
_c20130410
_lUCH01
_h0423
590 _aBATCH-UPD
_b10
_c20130914
_lUCH01
_h0827
590 _aCONVERSION
_b10
_c20130109
_lUCH01
_h1327
650 1 4 _aAmerica Latina
_xCondiciones economicas.
_95390
650 1 4 _aCampesinado
_xAmérica Latina.
_917996
650 1 4 _aPobreza.
_989463
901 _aBK
942 _cLIBRO
949 _a301.444 V47
_bBC
_cLIBRO
_d33724000609608
_eLIBRO
_h72861
_i54279
_mD
_si
999 _c49157
_d49157